[Event "Anderssen Memorial Open-A 2020"]
[Site "Wroclaw"]
[Date "2020.08.08"]
[Round "9.4"]
[White "Piekielny, Pawel"]
[Black "Sieciechowicz, Marcin"]
[Result "0-1"]
[WhiteElo "2099"]
[BlackElo "2372"]
[Annotator "TA"]
[PlyCount "64"]
[EventDate "2020.08.01"]
[EventType "swiss"]
[EventCountry "POL"]
[SourceTitle "playchess.com"]
[Source "ChessBase"]
[SourceQuality "1"]

{[%evp 16,64,7,0,0,0,0,-18,-16,-17,0,0,14,17,11,31,37,37,31,1,12,-105,118,125,118,80,95,80,77,27,50,19,12,-88,-47,-18,-29,-303,-277,-5377,-5281,-2251,-2318,-1599,-1515,-29989,-29990,-29994,-29995,-29995,-29996]} 1. e4 e6 2. d4 d5 3. Nd2 c5 4. exd5 Qxd5 5. Ngf3 cxd4 6. Bc4 Qd6 7. Qe2 Nf6 8. Nb3 Nc6 9. Bg5 Qb4+ {C07: French Tarrasch: 3...c5, 4 Ngf3 and 4 exd5 Qxd5.} 10. Bd2 Qb6 11. O-O-O Be7 {The position is equal.} 12. Bg5 {[%cal Rf3d4]} O-O 13. Nbxd4 Nxd4 14. Rxd4 {[#]} h6 $146 ({Predecessor:} 14... Qc5 15. Bd3 e5 16. Qxe5 Qxe5 17. Nxe5 h6 18. Bh4 g5 19. Bg3 Nh5 20. Bc4 Nxg3 21. hxg3 {1-0 (28) Mader,M (2201)-Diotallevi,M (2030) Bad Woerishofen 2012}) 15. h4 Rd8 16. Rxd8+ Qxd8 17. Ne5 Qc7 ({Don't blunder} 17... hxg5 $2 18. hxg5 Qc7 19. f4 $18 (19. gxf6 Bxf6 20. Ng4 Bd4 $16)) 18. f4 {[#]} (18. Kb1 $11 {remains equal.}) 18... Nd5 $2 (18... Bd6 $1 $17 {Strongly threatening ...Nd5.} 19. Bxf6 gxf6) 19. Bxe7 $16 Qxe7 20. Qe4 Bd7 21. Bd3 {White wants to mate with Qh7+.} ({But not} 21. Bxd5 $6 exd5 22. Qxd5 Be6 $11) 21... f5 22. Qf3 Bc6 23. Nxc6 bxc6 24. g4 (24. g3 $11 {keeps the balance.}) 24... fxg4 25. Qxg4 Qf6 {Threatens to win with ...Rb8.} 26. f5 $2 {[%mdl 8192] Now White is beyond hope.} (26. Re1 $11 {and White has nothing to worry.}) 26... Rb8 $19 27. fxe6 $2 (27. Kd2 Qxb2 28. Re1 exf5 29. Qg3) 27... Qxb2+ {[%mdl 64] [#] Double Attack} 28. Kd2 Qc3+ 29. Ke2 Qe5+ 30. Kf2 Rf8+ {Black mates.} 31. Kg1 Qe3+ 32. Kh2 Rf2+ {Accuracy: White = 33%, Black = 84%.} 0-1

[Event "Anderssen Memorial Open-A 2020"]
[Site "Wroclaw"]
[Date "2020.08.08"]
[Round "9.5"]
[White "Burian, Simon"]
[Black "Nguyen, Alex Dac-Vuong"]
[Result "1/2-1/2"]
[WhiteElo "2073"]
[BlackElo "2366"]
[Annotator "TA"]
[PlyCount "33"]
[EventDate "2020.08.01"]
[EventType "swiss"]
[EventCountry "POL"]
[SourceTitle "playchess.com"]
[Source "ChessBase"]
[SourceQuality "1"]

{[%evp 9,33,25,51,52,41,49,56,40,31,-125,77,95,80,82,75,43,41,43,45,36,55,11,10,9,43,-23]} 1. d4 c5 2. d5 Nf6 3. c4 b5 4. cxb5 a6 5. bxa6 g6 6. Nc3 {A58: Benko/Volga Gambit: Lines with 5 bxa6.} Bg7 7. e4 {aiming for e5.} O-O 8. Nf3 Qa5 {White should prevent ...Nxe4.} 9. a7 $2 {[#]} (9. Bd2 $14) 9... Qxa7 $2 (9... Nxe4 $1 $17 {and life is bright.} 10. Bd2 (10. axb8=R Rxb8 11. Bd3 Nxc3 $17) 10... Nxd2 11. Nxd2 Rxa7) 10. Be2 $16 Ba6 11. O-O d6 12. h3 Nbd7 {[#]} 13. a4 $146 ({Predecessor:} 13. Qc2 Rfb8 14. Be3 Ne8 15. Rfe1 Nc7 16. Rab1 Bxe2 17. Rxe2 Nb5 18. Nxb5 Rxb5 19. b3 {½-½ (56) Brito Garcia,A (2375)-Velasco Blasco,J Ponferrada 1997}) 13... Rfb8 14. Ra3 Rb4 15. Bxa6 Qxa6 16. Qc2 Nb6 17. Re1 {Accuracy: White = 59%, Black = 71%.} (17. Nd2 $14) 1/2-1/2

[Event "Anderssen Memorial Open-A 2020"]
[Site "Wroclaw"]
[Date "2020.08.08"]
[Round "9.6"]
[White "Zwahr, Paul"]
[Black "Golecki, Jan"]
[Result "1/2-1/2"]
[WhiteElo "2277"]
[BlackElo "2106"]
[Annotator "TA"]
[PlyCount "59"]
[EventDate "2020.08.01"]
[EventType "swiss"]
[EventCountry "POL"]
[SourceTitle "playchess.com"]
[Source "ChessBase"]
[SourceQuality "1"]

{[%evp 21,59,23,22,5,12,3,6,-40,-22,-22,-22,-30,0,0,0,0,0,0,0,-25,-9,-14,0,0,0,0,0,0,0,-7,-28,-21,0,-14,-17,-14,0,-62,-61,-125]} 1. e4 e5 2. Nf3 Nc6 3. Bb5 a6 4. Ba4 d6 5. c3 Bd7 6. O-O g6 7. d4 Bg7 8. d5 Nce7 9. Bxd7+ Qxd7 10. c4 h6 11. Nc3 f5 12. Bd2 {C76: Ruy Lopez: Deferred Steinitz: 5 c3 Bd7 6 d4 g6.} Nf6 13. Qe2 O-O {[#]} 14. b4 $146 {The position is equal.} ({Predecessor:} 14. Ne1 fxe4 15. Nxe4 Nxe4 16. Qxe4 c6 17. a4 cxd5 18. cxd5 Rac8 19. Nd3 Qf5 20. f3 {0-1 (37) Skorchenko,D (2408)-Malaniuk,V (2525) Moscow 2001}) 14... c6 (14... b5 {feels hotter.} 15. exf5 Nxf5 16. Ne4 Nxe4 17. Qxe4 Qf7) 15. dxc6 bxc6 {[%cal Bb7c6,Bc6d5][%mdl 32] Threatening ...fxe4.} 16. Rad1 fxe4 17. Nxe4 Nxe4 18. Qxe4 Qe6 19. Rfe1 d5 20. cxd5 cxd5 21. Qe3 $1 {[%cal Rf3e5]} Nf5 22. Qb3 e4 {[#] White must now prevent ...Qf7.} 23. Bc3 Bxc3 24. Qxc3 Rac8 25. Qb3 Rc4 26. Nd2 Rd4 $36 {[%mdl 2048] Black has good play.} 27. a3 Kh7 28. Nf1 Qf6 29. Rxd4 (29. Qb2 $11) 29... Nxd4 $15 {[%mdl 64] [#] Discovered Attack} 30. Qg3 {Accuracy: White = 75%, Black = 92%.} ({White should try} 30. Qa2 $15) 1/2-1/2

[Event "Anderssen Memorial Open-A 2020"]
[Site "Wroclaw"]
[Date "2020.08.08"]
[Round "9.7"]
[White "Mondrzycki, Bartlomiej"]
[Black "Kanicki, Krzysztof"]
[Result "1-0"]
[WhiteElo "2140"]
[BlackElo "2163"]
[Annotator "TA"]
[PlyCount "87"]
[EventDate "2020.08.01"]
[EventType "swiss"]
[EventCountry "POL"]
[SourceTitle "playchess.com"]
[Source "ChessBase"]
[SourceQuality "1"]

{[%evp 22,87,53,54,50,46,51,49,53,42,76,79,86,43,107,0,0,0,0,0,0,0,0,0,0,0,0,0,36,35,154,154,154,154,154,154,255,172,516,516,510,479,798,785,815,794,775,537,1758,1716,2407,2327,6836,2551,29968,29969,29969,29970,29969,29971,29971,29972,29967,29967,29990,29991,29991,29992]} 1. Nf3 Nf6 2. c4 g6 3. Nc3 Bg7 4. e4 d6 5. d4 O-O 6. h3 e5 7. d5 a5 8. g4 Na6 9. Be3 Nc5 10. Nd2 c6 11. Be2 cxd5 12. cxd5 Bd7 {E92: King's Indian: Classical: 6 Be2 e5: 7 dxe5, 7 Be3 and Petrosian System without 7...Nbd7.} 13. a4 Ne8 14. h4 f5 {White is slightly better.} 15. g5 {[#]} Nxe4 $146 ({Predecessor:} 15... Nxa4 16. Nxa4 Bxa4 17. Qxa4 f4 18. Nc4 fxe3 19. fxe3 Ra6 20. Bg4 Nc7 21. Qd7 Qxd7 22. Bxd7 {1-0 (43) Arnaudov,P (2483)-Netzer,J (2286) Marseille 2012}) 16. Ndxe4 fxe4 17. Rc1 Nc7 ({Better is} 17... Bf5 $14) 18. Nb5 (18. Bb6 $16) 18... Nxb5 $11 19. axb5 Rc8 20. Rxc8 Qxc8 21. b6 Rf4 22. Kd2 Qf8 23. Ke1 Qc8 24. Qd2 Bg4 25. Qc3 Qd7 {Black is on the road to losing.} (25... Qf5 $1 $14) 26. Qc7 $1 $16 Rf7 27. Qxd7 Bxd7 {[#]} 28. Kd2 $1 Rf8 {[#]} (28... Bf8 $16 {was necessary.}) 29. Rc1 $1 $18 Rc8 $2 (29... Bh3) 30. Rc7 Rxc7 31. bxc7 {[%mdl 4096] Endgame KBB-KBB} Kf7 (31... h6 $142 32. Bb5 Bc8) 32. Kc3 Ke7 {[#]} 33. Bb5 $1 {[%mdl 512]} Bg4 (33... Bxb5 34. c8=Q) 34. Kb3 Bc8 35. Ka4 b6 36. Bc6 Ba6 37. b3 (37. Bxb6 $142 e3 38. Kxa5) 37... Bh8 38. Bxb6 {White mates.} e3 39. Bxe3 e4 40. Kxa5 Bc8 41. b4 {[%cal Bb3b4,Bb4b5,Bb5b6][%mdl 32]} Bc3 42. Ka4 Bd7 43. b5 Bc8 44. b6 {Accuracy: White = 87%, Black = 40%.} 1-0

[Event "Anderssen Memorial Open-A 2020"]
[Site "Wroclaw"]
[Date "2020.08.08"]
[Round "9.8"]
[White "Wong, Gengchun"]
[Black "Chmiel, Marcin"]
[Result "1/2-1/2"]
[WhiteElo "2190"]
[BlackElo "2267"]
[Annotator "TA"]
[PlyCount "59"]
[EventDate "2020.08.01"]
[EventType "swiss"]
[EventCountry "POL"]
[SourceTitle "playchess.com"]
[Source "ChessBase"]
[SourceQuality "1"]

{[%evp 26,59,11,0,28,28,27,41,42,0,22,20,21,18,18,18,22,21,25,24,29,18,18,12,16,5,10,0,18,17,47,0,0,0,0,0]} 1. e4 c6 2. d4 d5 3. Nc3 dxe4 4. Nxe4 Bf5 5. Ng3 Bg6 6. h4 h6 7. Nf3 Nd7 8. h5 Bh7 9. Bd3 Bxd3 10. Qxd3 e6 11. Bd2 Ngf6 12. O-O-O Be7 13. Kb1 O-O {13...Qb6 is more fashionable.} 14. Ne4 Nxe4 {B19: Classical Caro-Kann: 4...Bf5 main line.} 15. Qxe4 Nf6 16. Qe2 Qd5 {White is slightly better.} 17. Be3 Ng4 18. Bc1 Rad8 19. Ne5 Nxe5 20. dxe5 Qc5 ({Don't blunder} 20... Qxg2 $2 21. Rdg1 $18) 21. f4 Rxd1 22. Rxd1 Rd8 23. Rxd8+ Bxd8 24. Be3 Qa5 25. Qd2 Qxd2 26. Bxd2 f5 27. exf6 gxf6 28. g4 f5 $1 {[%cal Rf5g4]} 29. gxf5 $1 exf5 30. c4 {Accuracy: White = 81%, Black = 82%.} 1/2-1/2

[Event "Anderssen Memorial Open-A 2020"]
[Site "Wroclaw"]
[Date "2020.08.08"]
[Round "9.9"]
[White "Borowski, Przemyslaw"]
[Black "Skurniak, Szymon"]
[Result "0-1"]
[WhiteElo "1790"]
[BlackElo "2036"]
[Annotator "TA"]
[PlyCount "66"]
[EventDate "2020.08.01"]
[EventType "swiss"]
[EventCountry "POL"]
[SourceTitle "playchess.com"]
[Source "ChessBase"]
[SourceQuality "1"]

{[%evp 9,66,-2,12,-18,18,-19,-25,-66,-20,-28,-21,-22,-29,-51,14,18,25,18,28,18,43,50,152,105,239,218,375,170,145,164,165,56,127,-114,-124,-131,-117,-148,-113,-93,97,94,85,91,67,77,62,0,347,348,520,510,548,550,758,706,717,-29996,-29997]} 1. e4 c5 2. Nc3 a6 3. f4 b5 {[%cal Bb7b5,Bb5b4][%mdl 32]} 4. Nf3 Bb7 5. d3 e6 6. g4 {B23: Closed Sicilian: Lines without g3.} d5 7. e5 h5 {...b4 is the strong threat.} 8. gxh5 {Black has an edge.} b4 9. Ne2 $1 Rxh5 10. Ng3 Rh8 11. f5 {[#] With the idea fxe6.} Be7 $146 ({Black should play} 11... Bc8 $15) ({Predecessor:} 11... exf5 12. Nxf5 Qd7 13. Ng3 Nc6 14. Bg2 O-O-O 15. O-O f6 16. exf6 Nxf6 17. Bf4 d4 {1-0 (50) Volovikov,A (2305)-Obrusnik,M (2248) Lvov 2013}) 12. fxe6 fxe6 13. Bg2 Nc6 14. O-O Kd7 15. c4 d4 (15... Kc8 $14) 16. Ne4 Nh6 (16... Qc7 $16 {was worth a try.}) 17. Nfg5 $18 {Hoping for Nxe6!} Nf5 $2 {[#]} (17... Qb6 18. Nxe6 Nxe5) 18. Nf7 (18. Nxe6 $142 $1 {[%mdl 512]} Kxe6 19. Qg4 $1 {[%mdl 512]}) 18... Qe8 19. Nxh8 Qxh8 20. Ng5 (20. Bg5 $18 Bxg5 21. Nxg5) 20... Rf8 (20... Qh4 $14 21. Nxe6 Rh8) 21. Qa4 $2 (21. a3 $16 {keeps the pressure on.} Qh4 22. Ne4) 21... Qh4 $1 $17 {[%mdl 1024] Black has strong compensation.} 22. Ne4 g5 23. Bd2 {aiming for a3.} ({Avoid the trap} 23. Bxg5 $2 Bxg5 24. Rf3 (24. Nxc5+ $2 Ke7 $19) 24... Be7 $19) 23... Rh8 $1 24. h3 {And now a3 would win.} Ng3 $2 {[#]} (24... Kc8 $17 {and life is bright.}) 25. Nxg3 $1 $16 Qxg3 26. Rf3 Qxe5 27. Re1 $36 {[%mdl 2048] White is in control.} Qd6 28. Rf7 (28. a3 $14 Kc8 29. Rf7) 28... Ke8 $2 {[%mdl 8192]} (28... Qg3 $11) 29. Ref1 $18 {Threatens to win with Bxg5!} Kd8 (29... Qg3 $142 30. R1f3 Qe5) 30. Bxg5 Bxg5 31. Rxb7 Be3+ {[#]} 32. Kh1 $1 Qg3 {[#]} 33. Qc2 $4 {[%mdl 8192]} (33. Rd7+ $1 $18 {[%mdl 512]} Kxd7 34. Qxc6+ {[%mdl 64] Double Attack} Ke7 35. Qxc5+ Kd8 36. Qb6+ {[%mdl 64] Double Attack} Ke7 37. Qb7+ Kd8 38. Qa8+ Ke7 39. Qxh8) 33... Rxh3+ {What a fight! Accuracy: White = 51%, Black = 33%.} 0-1

[Event "Anderssen Memorial Open-A 2020"]
[Site "Wroclaw"]
[Date "2020.08.08"]
[Round "9.10"]
[White "Vanduyfhuys, Daria"]
[Black "Jankowiak, Piotr"]
[Result "1/2-1/2"]
[WhiteElo "1985"]
[BlackElo "2009"]
[Annotator "TA"]
[PlyCount "100"]
[EventDate "2020.08.01"]
[EventType "swiss"]
[EventCountry "POL"]
[SourceTitle "playchess.com"]
[Source "ChessBase"]
[SourceQuality "1"]

{[%evp 13,100,0,-6,-1,0,-11,9,-38,-45,-44,-12,-13,-27,-24,0,0,-8,-6,5,0,27,22,30,0,0,0,0,-53,-16,-34,-39,-4,90,90,90,90,90,90,94,95,96,94,102,58,60,59,59,59,59,59,57,62,80,80,80,80,80,78,85,76,80,80,104,50,109,56,88,80,85,85,85,85,85,80,80,80,80,80,80,80,80,80,80,0,80,62,62,62,62]} 1. d4 d5 2. c4 c6 3. Nc3 Nf6 4. Nf3 dxc4 5. e3 b5 6. a4 b4 7. Na2 a5 {next ...Qd5 is good for Black.} 8. Bxc4 {D15: Slav Defence: 4 Nc3 a6 and gambit lines after 4 Nc3 dxc4.} e6 9. O-O Be7 10. Qd3 {The position is equal.} O-O 11. Bd2 Ba6 12. Nc1 Bxc4 13. Qxc4 Qd5 14. Qxd5 cxd5 15. Nb3 Nbd7 {[%cal Bb8d7,Bd7b6,Bb6c4][%mdl 32]} 16. Rfc1 Nb6 17. Ne5 Ne4 {[#]} 18. f3 $146 ({Predecessor:} 18. Be1 Bf6 19. Rc6 Bxe5 20. Rxb6 Bc7 21. Rc6 Bb8 22. Rac1 Nd6 23. Nc5 Rd8 24. b3 {1-0 (46) Russell,C (2280)-Zaremba,A (2266) Reno 1999}) 18... Nxd2 19. Nxd2 Rfc8 20. Nc6 (20. Rxc8+ $1 $11 Rxc8 21. Nb3) 20... Bd6 21. Nb3 $1 Nc4 {[%mdl 64] [#] Double Attack} 22. Ncxa5 $1 Rc7 (22... Nxe3 $11 {remains equal.} 23. Nb7 Rxc1+ 24. Rxc1 Bf4) 23. Nxc4 $16 dxc4 24. Nd2 $36 {[%mdl 2048] White is really pushing.} c3 25. bxc3 bxc3 26. Ne4 {[%mdl 64] [#] Double Attack} Bb4 27. Rab1 Rc4 28. Nd2 Rcc8 29. Rxb4 cxd2 $14 {[%mdl 4096] Endgame KRR-KRR} 30. Rd1 $1 Rc1 31. Rb1 Rxb1 32. Rxb1 {KR-KR} h5 {...Rc8 is the strong threat.} 33. Rd1 Rxa4 34. Rxd2 Kf8 35. Kf2 Ke7 36. Rb2 g6 37. Kg3 Kf6 38. Kf4 (38. h4 $16) 38... Ra1 (38... g5+ $14 39. Ke4 Ra3) 39. Rd2 ({White should try} 39. h4 $16) 39... Ra5 40. e4 Ra4 41. h4 Ra1 42. g3 Rb1 43. d5 exd5 44. Rxd5 Rf1 45. Ra5 Rf2 46. Ra6+ Kg7 47. Ra7 Rf1 48. Ra6 Rf2 $1 49. e5 Rf1 50. Ra7 Re1 {Accuracy: White = 85%, Black = 82%.} 1/2-1/2

[Event "Anderssen Memorial Open-A 2020"]
[Site "Wroclaw"]
[Date "2020.08.08"]
[Round "9.11"]
[White "Trybus, Daniel"]
[Black "Bojczewski, Mateusz"]
[Result "1/2-1/2"]
[WhiteElo "1950"]
[BlackElo "1886"]
[Annotator "TA"]
[PlyCount "133"]
[EventDate "2020.08.01"]
[EventType "swiss"]
[EventCountry "POL"]
[SourceTitle "playchess.com"]
[Source "ChessBase"]
[SourceQuality "1"]

{[%evp 9,133,-67,0,-8,12,30,42,13,47,47,49,37,30,40,79,98,91,32,116,52,49,64,65,60,92,20,22,9,18,19,60,47,40,28,33,20,20,33,42,45,36,28,28,0,273,245,219,139,146,23,39,50,27,0,2,0,95,8,127,127,126,120,107,0,16,0,0,-27,-3,-145,-135,-209,-200,-191,-189,-175,-182,-162,-58,-141,-58,-58,-58,-58,-58,-69,-69,-69,-69,-79,-79,-79,-79,-80,-79,-79,-51,-65,-65,-79,-35,-50,-10,-11,-10,-10,-10,-10,-10,-10,-10,-10,-10,-10,-10,-34,-34,-34,-8,-8,-8,-8,-8,-8,-8,-8]} 1. g3 d5 2. Bg2 e5 3. c4 dxc4 4. Nf3 Bd6 {[#]} 5. Na3 $146 ({Predecessor:} 5. d3 cxd3 6. exd3 Nf6 7. O-O O-O 8. d4 exd4 9. Bg5 c5 10. Na3 Nc6 11. Nc4 {0-1 (24) Anderson,L (1253)-Parsons,C (1787) ICCF email 2015}) 5... Bxa3 (5... e4 $15 6. Ng1 Nf6 7. Nxc4 Nc6) 6. Qa4+ $11 {A00: Irregular Openings.} c6 7. Qxa3 Nd7 8. Qc3 {White is slightly better.} Qc7 9. Qxc4 Ngf6 10. b4 O-O 11. Bb2 b6 12. O-O Bb7 13. Rac1 (13. d4 $16 {[%cal Rd4e5]} e4 14. Ne5) 13... h6 ({Black should try} 13... a5 $14) 14. Rc2 (14. d4 $16) 14... a5 $14 15. a3 axb4 16. axb4 Qd6 17. d4 ({Better is} 17. Nh4 $16) 17... e4 $11 18. Ne5 Ra4 19. Qb3 Qxb4 20. Qxb4 Rxb4 21. Ba3 Rxd4 22. Bxf8 {Strongly threatening Nxd7.} ({Don't play} 22. Nxc6 Bxc6 23. Rxc6 Re8 $15) 22... Nxe5 23. Ba3 Ned7 24. Bb2 {[%mdl 1024] White has compensation.} Rd6 25. Ra1 {Threatens to win with Ra7.} c5 26. e3 Nd5 $2 {[%mdl 8192]} (26... Ng4 $11) 27. Rd2 $18 ({Inferior is} 27. Bxe4 Nxe3 28. Re2 Bxe4 $11) 27... f5 28. Rad1 b5 {[#]} 29. f3 (29. g4 $1 $16 {[%mdl 512]}) 29... exf3 $1 $11 30. Bxf3 N7b6 31. e4 fxe4 32. Bxe4 c4 (32... b4 $1 $11) 33. Be5 (33. Bf5 $16) 33... Rd7 (33... Re6 $11 {remains equal.} 34. Rxd5 Nxd5 35. Bxd5 (35. Rxd5 Kf8 $11) 35... Bxd5 36. Rxd5 b4) 34. Bf5 $1 $16 {[%cal Rf5d7]} Re7 35. Bd6 Re8 36. Rf2 ({Only move:} 36. Bc5 $16) 36... Nf6 (36... Nc3 $5 {[%cal Rc3d1]} 37. Ra1 Ne4 38. Bxe4 Bxe4 $11) 37. Rb1 Bc6 38. Ra2 {Black should prevent Ra6.} Na4 {Threatening ...Nc3.} (38... Nbd5 $5 {[%cal Rd5c3]}) 39. Bg6 (39. Raa1 $11 {keeps the balance.}) 39... Re6 $1 $36 {[%mdl 2048] Black is on the roll.} 40. Bb4 {[#]} (40. Rxa4 $17 bxa4 41. Rb8+ Ne8 42. Bxe8 Bxe8 43. Bb4) 40... Nd5 $1 $19 41. Bf5 Rf6 42. Rf2 Nxb4 43. Rxb4 {[#]} Nc3 (43... Kf7 $1 $19 44. Rb1 Ke7) 44. Bg4 (44. Bh3 $1 $15) 44... Nd5 (44... Rxf2 $17 45. Kxf2 Kf7) 45. Rxf6 $15 Nxf6 {[%mdl 4096] Endgame KRB-KBN} 46. Be6+ Kf8 47. Kf2 Ke7 48. Bxc4 $1 Ng4+ 49. Kg1 bxc4 50. Rxc4 Ne5 51. Rc1 Kf6 52. h3 Be4 53. Ra1 h5 54. Kf2 g5 55. Ke3 Bf5 56. Ra6+ Be6 57. Ke4 Nd7 {And now ...Nc5+ would win.} 58. Rc6 Kf7 59. h4 gxh4 60. gxh4 Kf6 61. Kf4 Nf8 62. Ra6 Ng6+ 63. Kg3 Ne7 64. Kf4 {The position is equal.} Nf5 65. Ra5 Nxh4 {...Ng6+ is the strong threat.} 66. Rxh5 Ng6+ 67. Ke4 {White used his chance. Accuracy: White = 62%, Black = 67%.} 1/2-1/2

[Event "Anderssen Memorial Open-A 2020"]
[Site "Wroclaw"]
[Date "2020.08.08"]
[Round "9.12"]
[White "Szczesniak, Konrad"]
[Black "Kowalczyk, Wojciech"]
[Result "1-0"]
[WhiteElo "2033"]
[BlackElo "1873"]
[Annotator "TA"]
[PlyCount "85"]
[EventDate "2020.08.01"]
[EventType "swiss"]
[EventCountry "POL"]
[SourceTitle "playchess.com"]
[Source "ChessBase"]
[SourceQuality "1"]

{[%evp 23,85,61,141,64,116,93,104,111,190,187,216,231,252,152,188,147,154,150,260,118,118,125,150,79,89,64,81,65,75,76,65,0,0,-27,-8,-24,-8,-10,16,0,0,0,56,18,20,29,185,173,420,418,509,506,737,727,1138,911,6429,5510,29984,29985,29990,29991,29991,29992]} 1. d4 Nf6 2. c4 g6 3. Nc3 Bg7 4. e4 d6 5. Be2 O-O 6. Nf3 e5 7. Be3 Nc6 8. d5 Ne7 9. Nd2 Ne8 10. c5 f5 11. f3 f4 12. Bf2 g5 (12... c6 $14) 13. Nc4 {E92: King's Indian: Classical: 6 Be2 e5: 7 dxe5, 7 Be3 and Petrosian System without 7...Nbd7.} (13. cxd6 $16 Nxd6 14. O-O) 13... Ng6 (13... dxc5 $1 $14 14. Qb3 (14. Bxc5 b6 $16) 14... Rf7) 14. Qb3 {[#]} Nh4 $146 ({Predecessor:} 14... Rf7 15. O-O-O b6 16. cxd6 cxd6 17. Kb1 Rb8 18. a4 Ba6 19. Rd2 Nc7 20. Rc1 Bf8 {1-0 (43) Musat,A (2345)-Gilbert,C (2145) Bucharest 1996}) 15. Rg1 {White is better.} g4 (15... dxc5 $16 {was necessary.} 16. Bxc5 Rf7) 16. O-O-O $18 h5 17. Kb1 Rf7 18. Rc1 Ng6 19. Nb5 dxc5 20. Bxc5 a6 {[#]} (20... Bd7 $16 {was worth a try.} 21. d6 Be6) 21. Nc3 (21. Nxc7 $1 $18 Nxc7 22. Bb6) 21... Bf8 22. Bxf8 Kxf8 23. Rc2 (23. fxg4 $142 hxg4 24. h3) 23... Nd6 $16 24. Na5 c5 25. Nc4 {aiming for Nxd6.} b5 26. Nxd6 Qxd6 27. a3 (27. Nd1 $14) 27... Bd7 $11 28. Na2 Rb8 29. Rgc1 Rc8 30. Qc3 Nh4 31. Bd1 Rg7 32. Qe1 $36 {[%mdl 2048] White has good play.} gxf3 ({Better is} 32... Qf6 $11) 33. Bxf3 $14 Nxf3 34. gxf3 Qe7 $2 {This costs Black the game.} (34... Be8 $11) 35. Nb4 $18 a5 $2 (35... c4 36. Nxa6 Kf7) 36. Nc6 {[%mdl 64] [#] Discovered Attack} Bxc6 37. Rxc5 {[%mdl 64] Pin} ({Less strong is} 37. dxc6 Rxc6 38. Qxa5 c4 $18) 37... Rg2 38. dxc6 Rxh2 39. Qxa5 Rf2 40. Qxb5 Rxf3 41. Rxe5 {[%mdl 64] Double Attack. White mates.} Qh7 42. Qc5+ Kg8 43. Rg5+ {Accuracy: White = 63%, Black = 40%.} 1-0

[Event "Anderssen Memorial Open-A 2020"]
[Site "Wroclaw"]
[Date "2020.08.08"]
[Round "9.13"]
[White "Malecki, Rafal"]
[Black "Krawiec, Grzegorz"]
[Result "1-0"]
[WhiteElo "2071"]
[BlackElo "1812"]
[Annotator "TA"]
[PlyCount "55"]
[EventDate "2020.08.01"]
[EventType "swiss"]
[EventCountry "POL"]
[SourceTitle "playchess.com"]
[Source "ChessBase"]
[SourceQuality "1"]

{[%evp 16,55,0,-4,4,-31,0,-37,10,-49,-43,-32,0,0,0,0,0,0,0,0,65,45,50,-37,19,8,8,19,57,45,73,53,68,72,75,71,77,75,285,291,576,583]} 1. Nf3 c5 2. g3 Nc6 3. Bg2 g6 4. O-O Bg7 5. d3 d6 6. e4 e5 7. a4 Nge7 8. c3 O-O 9. Na3 h6 {A04: Unusual lines after 1 Nf3 and King's Indian Attack.} 10. Nd2 {[#]} f5 $146 ({Predecessor:} 10... Rb8 11. Ndc4 a6 12. f4 b5 13. axb5 axb5 14. Ne3 b4 15. Nac4 exf4 16. gxf4 bxc3 17. bxc3 Bxc3 {½-½ (35) Orlov,G (2497)-Wu,H (2189) Vancouver 2007}) 11. f4 Rb8 {Black is slightly better.} 12. Nac4 (12. exf5 $11 Bxf5 13. Ndc4) 12... exf4 $15 13. gxf4 d5 14. exd5 Nxd5 15. Nb3 b6 16. Re1 Bb7 17. a5 Nce7 ({Better is} 17... Kh7 $11) 18. axb6 axb6 19. Ne5 (19. d4 $14) 19... Ra8 (19... Bxe5 $15 20. fxe5 f4) 20. Rxa8 Bxa8 21. d4 $36 {[%mdl 2048] White has some pressure.} Qc7 22. Qe2 Kh7 23. dxc5 bxc5 24. Qc4 Rc8 {[#]} 25. Nd3 $1 {[%cal Rb3c5]} Qd6 26. Nbxc5 Nb6 $2 (26... Ng8 $16) 27. Qf7 $18 Bd5 $2 (27... Nbd5 {keeps fighting.} 28. Re6 Qc7) 28. Qxe7 {Accuracy: White = 73%, Black = 32%.} 1-0